[Event "XI Paracin Festival 2018"]
[Site "Paracin"]
[Date "2018.07.07"]
[Round "2"]
[White "Shyam, Sundar M"]
[Black "Marjanovic, Annamaria"]
[Result "1-0"]
[WhiteElo "2527"]
[BlackElo "2325"]
[Annotator "ChessBase"]
[PlyCount "59"]
[EventDate "2018.07.06"]
[EventType "swiss"]
[EventCountry "SRB"]
[SourceTitle "playchess.com"]
[Source "ChessBase"]
[SourceQuality "1"]
[TimeControl "5400+30"]

1. e4 {[%emt 0:00:00]} e5 {[%emt 0:00:00]} 2. Nf3 {[%emt 0:00:00]} Nc6 {[%emt 0:00:00]} 3. Bb5 {[%emt 0:00:04]} a6 {[%emt 0:00:25]} 4. Ba4 {[%emt 0:00:07]} Nf6 {[%emt 0:00:22]} 5. O-O {[%emt 0:00:13]} Be7 {[%emt 0:00:21]} 6. Re1 {[%emt 0:00:10]} b5 {[%emt 0:00:19]} 7. Bb3 {[%emt 0:00:05]} d6 {[%emt 0:00:04]} 8. c3 {[%emt 0:00:05]} O-O {[%emt 0:00:06]} 9. d4 {[%emt 0:00:02]} Bg4 {[%emt 0:00:33]} 10. d5 {[%emt 0:00:05]} Na5 {[%emt 0:01:35]} 11. Bc2 {[%emt 0:00:06]} c6 {[%emt 0:03:12]} 12. h3 {[%emt 0:00:06]} Bc8 {[%emt 0:01:57]} 13. dxc6 {[%emt 0:00:06]} Qc7 {[%emt 0:02:06]} 14. Nbd2 {[%emt 0:00:08]} Qxc6 {[%emt 0:02:11]} 15. Nf1 {[%emt 0:00:10]} Be6 {[%emt 0:02:30]} 16. Ng5 {[%emt 0:00:12]} Bc8 {[%emt 0:04:57]} 17. Ng3 {[%emt 0:00:58]} h6 {[%emt 0:05:43]} 18. Nf3 {[%emt 0:00:09]} Re8 {[%emt 0:01:00]} 19. Nh4 {[%emt 0:03:17]} Bb7 {[%emt 0:09:48]} 20. Nhf5 {[%emt 0:01:19]} Bf8 {[%emt 0:01:21]} 21. Qf3 {[%emt 0:06:56]} Re6 {[%emt 0:08:05]} 22. Ne3 {[%emt 0:14:23]} Rb8 {[%emt 0:10:04]} 23. Rd1 {[%emt 0:16:50]} Nc4 {[%emt 0:06:23]} 24. Nd5 {[%emt 0:00:25]} Nd7 {[%emt 0:03:55]} 25. a4 {[%emt 0:03:57]} Ra8 {[%emt 0:07:27]} 26. a5 {[%emt 0:01:57]} b4 {[%emt 0:05:47]} 27. Ba4 {[%emt 0:10:57]} Qc8 28. cxb4 {[%emt 0:03:53]} Bxd5 {[%emt 0:02:20]} 29. Bxd7 {[%emt 0:03:22]} Qxd7 {[%emt 0:00:12]} 30. Rxd5 {[%emt 0:00:02]} 1-0

[Event "XI Paracin Festival 2018"]
[Site "Paracin"]
[Date "2018.07.07"]
[Round "2"]
[White "Atalik, Suat"]
[Black "Kathmale, Sameer"]
[Result "1/2-1/2"]
[WhiteElo "2512"]
[BlackElo "2323"]
[Annotator "ChessBase"]
[PlyCount "62"]
[EventDate "2018.07.06"]
[EventType "swiss"]
[EventCountry "SRB"]
[SourceTitle "playchess.com"]
[Source "ChessBase"]
[SourceQuality "1"]
[TimeControl "5400+30"]

1. d4 {[%emt 0:00:00]} Nf6 {[%emt 0:00:00]} 2. c4 {[%emt 0:00:00]} c6 {[%emt 0:00:00]} 3. Nc3 {[%emt 0:00:40]} d5 {[%emt 0:00:00]} 4. Nf3 {[%emt 0:00:25]} dxc4 {[%emt 0:00:05]} 5. a4 {[%emt 0:00:33]} a5 {[%emt 0:00:16]} 6. e4 {[%emt 0:01:28]} Bg4 {[%emt 0:00:15]} 7. Bxc4 {[%emt 0:00:21]} e6 {[%emt 0:01:05]} 8. O-O {[%emt 0:01:28]} Bb4 {[%emt 0:02:26]} 9. Qd3 {[%emt 0:01:30]} Bxf3 {[%emt 0:07:34]} 10. gxf3 {[%emt 0:03:52]} Nbd7 {[%emt 0:00:33]} 11. Kh1 {[%emt 0:05:13]} Qe7 {[%emt 0:03:56]} 12. Na2 {[%emt 0:02:10]} e5 {[%emt 0:10:51]} 13. Nxb4 {[%emt 0:01:55]} axb4 {[%emt 0:00:26]} 14. Be3 {[%emt 0:07:05]} O-O {[%emt 0:16:09]} 15. d5 {[%emt 0:04:19]} cxd5 {[%emt 0:02:55]} 16. Bxd5 {[%emt 0:00:15]} Rfd8 {[%emt 0:09:12]} 17. Rfd1 {[%emt 0:02:48]} Nxd5 {[%emt 0:07:29]} 18. exd5 {[%emt 0:00:31]} Nf6 {[%emt 0:07:01]} 19. d6 {[%emt 0:07:54]} Qe6 {[%emt 0:00:56]} 20. Bg5 {[%emt 0:00:41]} e4 {[%emt 0:11:59]} 21. Qe3 {[%emt 0:06:02]} Rxd6 {[%emt 0:02:04]} 22. Bxf6 {[%emt 0:02:15]} Qxf6 {[%emt 0:03:24]} 23. Rxd6 {[%emt 0:00:05]} Qxd6 {[%emt 0:00:18]} 24. Qxe4 {[%emt 0:00:06]} g6 {[%emt 0:01:30]} 25. Qxb7 {[%emt 0:10:41]} Rxa4 {[%emt 0:00:42]} 26. Rxa4 {[%emt 0:00:34]} Qd1+ {[%emt 0:00:06]} 27. Kg2 {[%emt 0:00:04]} Qxa4 {[%emt 0:00:05]} 28. Qb8+ {[%emt 0:00:03]} Kg7 {[%emt 0:00:07]} 29. Qe5+ {[%emt 0:00:05]} Kg8 {[%emt 0:00:07]} 30. Qb8+ {[%emt 0:00:22]} Kg7 {[%emt 0:00:05]} 31. Qe5+ {[%emt 0:00:04]} Kg8 {[%emt 0:00:04]} 1/2-1/2

[Event "XI Paracin Festival 2018"]
[Site "Paracin"]
[Date "2018.07.07"]
[Round "2"]
[White "Lorparizangeneh, Shahin"]
[Black "Konaplev, Anton"]
[Result "*"]
[WhiteElo "2493"]
[BlackElo "2316"]
[Annotator "ChessBase"]
[PlyCount "89"]
[EventDate "2018.07.06"]
[EventType "swiss"]
[EventCountry "SRB"]
[SourceTitle "playchess.com"]
[Source "ChessBase"]
[SourceQuality "1"]
[TimeControl "5400+30"]

1. Nf3 {[%emt 0:00:00]} d5 {[%emt 0:00:00]} 2. g3 {[%emt 0:00:00]} Nf6 {[%emt 0:00:27]} 3. Bg2 {[%emt 0:00:10]} e6 {[%emt 0:00:12]} 4. O-O {[%emt 0:00:23]} c5 {[%emt 0:01:00]} 5. c4 {[%emt 0:03:14]} dxc4 {[%emt 0:04:53]} 6. Na3 {[%emt 0:01:43]} Nc6 {[%emt 0:02:50]} 7. Nxc4 {[%emt 0:01:25]} Be7 {[%emt 0:01:32]} 8. b3 {[%emt 0:01:48]} O-O {[%emt 0:01:01]} 9. Bb2 {[%emt 0:00:10]} Bd7 {[%emt 0:07:19]} 10. d4 {[%emt 0:04:18]} b5 {[%emt 0:13:29]} 11. Nce5 {[%emt 0:04:56]} Rc8 {[%emt 0:01:49]} 12. dxc5 {[%emt 0:01:19]} Bxc5 {[%emt 0:04:31]} 13. Rc1 {[%emt 0:21:41]} Be7 {[%emt 0:10:31]} 14. Qd3 {[%emt 0:02:49]} Nb4 {[%emt 0:09:40]} 15. Qb1 {[%emt 0:05:42]} Nfd5 {[%emt 0:01:03]} 16. Rxc8 {[%emt 0:09:00]} Qxc8 {[%emt 0:01:20]} 17. Rc1 {[%emt 0:00:25]} Qd8 {[%emt 0:04:28]} 18. a3 {[%emt 0:05:11]} Na6 {[%emt 0:00:19]} 19. Nxd7 {[%emt 0:06:36]} Qxd7 {[%emt 0:00:02]} 20. Ne5 {[%emt 0:00:17]} Qb7 {[%emt 0:06:48]} 21. b4 {[%emt 0:05:58]} Nb8 {[%emt 0:05:38]} 22. Be4 {[%emt 0:11:53]} h6 {[%emt 0:02:23]} 23. Ng4 {[%emt 0:03:20]} Rd8 {[%emt 0:04:07]} 24. Ne3 {[%emt 0:02:20]} Nd7 {[%emt 0:02:47]} 25. Bxd5 {[%emt 0:02:16]} exd5 {[%emt 0:00:02]} 26. Qc2 {[%emt 0:01:00]} Bf6 {[%emt 0:03:21]} 27. Nf5 {[%emt 0:01:53]} Qb6 {[%emt 0:02:01]} 28. Bxf6 {[%emt 0:00:46]} Nxf6 {[%emt 0:02:54]} 29. Qc7 {[%emt 0:01:16]} Qxc7 {[%emt 0:05:03]} 30. Rxc7 {[%emt 0:00:03]} d4 {[%emt 0:00:34]} 31. Ne7+ {[%emt 0:00:52]} Kh7 {[%emt 0:02:03]} 32. Nc6 {[%emt 0:00:57]} d3 {[%emt 0:00:27]} 33. exd3 {[%emt 0:01:12]} Rxd3 {[%emt 0:00:01]} 34. Rxa7 {[%emt 0:00:14]} Ne4 {[%emt 0:01:11]} 35. Rxf7 {[%emt 0:00:49]} Rxa3 {[%emt 0:00:01]} 36. h4 {[%emt 0:00:56]} Rc3 {[%emt 0:01:29]} 37. Nd4 {[%emt 0:01:03]} Kg6 {[%emt 0:00:42]} 38. Re7 {[%emt 0:00:30]} Nxg3 {[%emt 0:00:30]} 39. fxg3 {[%emt 0:00:25]} Rxg3+ {[%emt 0:00:14]} 40. Kf2 {[%emt 0:00:33]} Rc3 {[%emt 0:00:32]} 41. Re6+ {[%emt 0:00:34]} Kh5 {[%emt 0:00:33]} 42. Rc6 {[%emt 0:00:26]} Ra3 {[%emt 0:00:32]} 43. Rc5+ {[%emt 0:00:32]} Kxh4 {[%emt 0:00:23]} 44. Nf5+ {[%emt 0:00:32]} Kg4 {[%emt 0:00:12]} 45. Nxg7 {[%emt 0:00:11]} *

[Event "XI Paracin Festival 2018"]
[Site "Paracin"]
[Date "2018.07.07"]
[Round "2"]
[White "Tan, Justin"]
[Black "Pantelic, Sasa"]
[Result "1-0"]
[WhiteElo "2481"]
[BlackElo "2316"]
[Annotator "ChessBase"]
[PlyCount "89"]
[EventDate "2018.07.06"]
[EventType "swiss"]
[EventCountry "SRB"]
[SourceTitle "playchess.com"]
[Source "ChessBase"]
[SourceQuality "1"]
[TimeControl "5400+30"]

1. e4 {[%emt 0:01:05]} d5 {[%emt 0:00:00]} 2. exd5 {[%emt 0:00:07]} Qxd5 {[%emt 0:00:03]} 3. Nc3 {[%emt 0:00:32]} Qa5 {[%emt 0:00:06]} 4. d4 {[%emt 0:00:22]} c6 {[%emt 0:00:07]} 5. Bc4 {[%emt 0:01:54]} Nf6 {[%emt 0:01:36]} 6. Nf3 {[%emt 0:02:19]} Bg4 {[%emt 0:01:23]} 7. h3 {[%emt 0:01:42]} Bxf3 {[%emt 0:02:20]} 8. Qxf3 {[%emt 0:01:04]} e6 {[%emt 0:05:56]} 9. O-O {[%emt 0:03:10]} Nbd7 {[%emt 0:04:32]} 10. a3 {[%emt 0:06:11]} Bd6 {[%emt 0:02:29]} 11. Re1 {[%emt 0:08:13]} O-O {[%emt 0:02:56]} 12. Bd2 {[%emt 0:10:38]} Qc7 {[%emt 0:09:45]} 13. Rad1 {[%emt 0:15:40]} Rfe8 {[%emt 0:08:16]} 14. Bg5 {[%emt 0:01:47]} Nd5 {[%emt 0:07:10]} 15. Ne4 {[%emt 0:01:34]} Be7 {[%emt 0:01:04]} 16. Bc1 {[%emt 0:01:47]} N7f6 {[%emt 0:01:04]} 17. Nc5 {[%emt 0:03:43]} Rad8 {[%emt 0:11:21]} 18. Ba2 {[%emt 0:05:03]} Bxc5 {[%emt 0:08:43]} 19. dxc5 {[%emt 0:00:07]} e5 {[%emt 0:00:28]} 20. Bg5 {[%emt 0:09:31]} h6 {[%emt 0:04:02]} 21. Bh4 {[%emt 0:01:06]} g5 {[%emt 0:02:38]} 22. Bg3 {[%emt 0:00:01]} Nf4 {[%emt 0:00:21]} 23. Qe3 {[%emt 0:03:03]} Kg7 {[%emt 0:01:44]} 24. Bc4 {[%emt 0:01:34]} Rd4 {[%emt 0:04:13]} 25. Rxd4 {[%emt 0:02:49]} exd4 {[%emt 0:00:11]} 26. Qd2 {[%emt 0:00:09]} Rxe1+ {[%emt 0:01:35]} 27. Qxe1 {[%emt 0:00:01]} Kf8 {[%emt 0:01:04]} 28. f3 {[%emt 0:02:33]} b6 {[%emt 0:03:06]} 29. b4 {[%emt 0:00:55]} bxc5 {[%emt 0:02:34]} 30. bxc5 {[%emt 0:00:01]} Nd7 {[%emt 0:02:00]} 31. Qe4 {[%emt 0:02:07]} Qe5 {[%emt 0:05:50]} 32. Qxc6 {[%emt 0:01:10]} Nxc5 {[%emt 0:01:04]} 33. Qxh6+ {[%emt 0:00:03]} Ke7 {[%emt 0:00:16]} 34. Kh2 {[%emt 0:02:37]} Qf5 {[%emt 0:01:05]} 35. Qc6 {[%emt 0:00:53]} Nce6 {[%emt 0:00:09]} 36. Bxe6 {[%emt 0:04:48]} Nxe6 {[%emt 0:01:42]} 37. Bd6+ {[%emt 0:00:03]} Kf6 {[%emt 0:00:52]} 38. Qe4 {[%emt 0:01:05]} Qa5 {[%emt 0:01:33]} 39. h4 {[%emt 0:03:38]} gxh4 {[%emt 0:00:32]} 40. Qxh4+ {[%emt 0:00:02]} Kg6 {[%emt 0:01:03]} 41. Qg4+ {[%emt 0:00:28]} Kf6 {[%emt 0:01:24]} 42. f4 {[%emt 0:01:22]} Qd5 {[%emt 0:00:45]} 43. Qh4+ {[%emt 0:00:43]} Kg6 {[%emt 0:01:01]} 44. Be5 {[%emt 0:00:05]} Qe4 {[%emt 0:00:23]} 45. Qf6+ {[%emt 0:00:04]} 1-0

[Event "XI Paracin Festival 2018"]
[Site "Paracin"]
[Date "2018.07.07"]
[Round "2"]
[White "Harsha, Bharathakoti"]
[Black "Cerovic, Danilo"]
[Result "1-0"]
[WhiteElo "2465"]
[BlackElo "2294"]
[Annotator "ChessBase"]
[PlyCount "85"]
[EventDate "2018.07.06"]
[EventType "swiss"]
[EventCountry "SRB"]
[SourceTitle "playchess.com"]
[Source "ChessBase"]
[SourceQuality "1"]
[TimeControl "5400+30"]

1. Nf3 {[%emt 0:00:00]} d5 {[%emt 0:02:28]} 2. e3 {[%emt 0:04:47]} Nf6 {[%emt 0:01:26]} 3. c4 {[%emt 0:00:09]} c6 {[%emt 0:04:23]} 4. Nc3 {[%emt 0:01:05]} g6 {[%emt 0:00:21]} 5. Qc2 {[%emt 0:09:56]} Bg7 {[%emt 0:02:03]} 6. d4 {[%emt 0:00:04]} O-O {[%emt 0:01:15]} 7. Bd3 {[%emt 0:00:03]} c5 {[%emt 0:08:01]} 8. cxd5 {[%emt 0:08:13]} cxd4 {[%emt 0:10:48]} 9. Nxd4 {[%emt 0:00:49]} Nxd5 {[%emt 0:01:37]} 10. Nxd5 {[%emt 0:00:51]} Qxd5 {[%emt 0:02:43]} 11. Be4 {[%emt 0:01:44]} Qd8 {[%emt 0:04:56]} 12. O-O {[%emt 0:00:51]} e5 {[%emt 0:04:52]} 13. Nb3 {[%emt 0:15:27]} f5 {[%emt 0:20:11]} 14. Rd1 {[%emt 0:12:49]} Qe7 {[%emt 0:01:10]} 15. Bd5+ {[%emt 0:02:37]} Be6 {[%emt 0:02:16]} 16. e4 {[%emt 0:03:20]} Bxd5 {[%emt 0:04:54]} 17. exd5 {[%emt 0:02:19]} Nd7 {[%emt 0:05:15]} 18. Qc7 {[%emt 0:06:51]} b6 {[%emt 0:02:56]} 19. Bd2 {[%emt 0:11:41]} Qf7 {[%emt 0:08:58]} 20. Rac1 {[%emt 0:05:01]} Nf6 {[%emt 0:03:26]} 21. d6 {[%emt 0:01:41]} Rad8 {[%emt 0:00:30]} 22. Bb4 {[%emt 0:02:27]} Rd7 {[%emt 0:00:34]} 23. Qc6 {[%emt 0:00:04]} Rfd8 {[%emt 0:02:42]} 24. Nd2 {[%emt 0:03:34]} Qd5 {[%emt 0:00:48]} 25. Qa4 {[%emt 0:01:34]} Qf7 {[%emt 0:01:09]} 26. Nc4 {[%emt 0:01:05]} Nd5 {[%emt 0:00:22]} 27. Bd2 {[%emt 0:01:13]} h6 {[%emt 0:01:24]} 28. Qb5 {[%emt 0:00:38]} e4 {[%emt 0:00:47]} 29. Rc2 {[%emt 0:01:14]} Kh7 {[%emt 0:00:54]} 30. Rcc1 {[%emt 0:02:21]} Qe6 {[%emt 0:00:47]} 31. a4 {[%emt 0:00:30]} f4 {[%emt 0:00:58]} 32. Be1 {[%emt 0:00:24]} Nf6 {[%emt 0:00:22]} 33. Qc6 {[%emt 0:00:26]} f3 {[%emt 0:00:35]} 34. gxf3 {[%emt 0:00:17]} Qh3 {[%emt 0:00:27]} 35. fxe4 {[%emt 0:00:50]} Ng4 {[%emt 0:00:01]} 36. e5 {[%emt 0:00:31]} Bxe5 {[%emt 0:00:18]} 37. Qg2 {[%emt 0:00:26]} Bxh2+ {[%emt 0:00:38]} 38. Kf1 {[%emt 0:00:32]} Qh5 {[%emt 0:00:53]} 39. Rd5 {[%emt 0:00:05]} Be5 {[%emt 0:00:40]} 40. Nxe5 {[%emt 0:00:47]} Nxe5 {[%emt 0:00:11]} 41. Bc3 {[%emt 0:00:34]} Rxd6 {[%emt 0:00:19]} 42. Rxe5 {[%emt 0:00:16]} Rd1+ {[%emt 0:00:37]} 43. Re1 {[%emt 0:00:24]} 1-0

[Event "XI Paracin Festival 2018"]
[Site "Paracin"]
[Date "2018.07.07"]
[Round "2"]
[White "Petrov, Martin"]
[Black "Gomes, Mary Ann"]
[Result "1-0"]
[WhiteElo "2441"]
[BlackElo "2284"]
[Annotator "ChessBase"]
[PlyCount "63"]
[EventDate "2018.07.06"]
[EventType "swiss"]
[EventCountry "SRB"]
[SourceTitle "playchess.com"]
[Source "ChessBase"]
[SourceQuality "1"]
[TimeControl "5400+30"]

1. e4 {[%emt 0:00:00]} c5 {[%emt 0:00:00]} 2. Nf3 {[%emt 0:00:00]} d6 {[%emt 0:00:08]} 3. d4 {[%emt 0:00:00]} cxd4 {[%emt 0:00:04]} 4. Nxd4 {[%emt 0:00:02]} Nf6 {[%emt 0:00:05]} 5. Nc3 {[%emt 0:00:05]} a6 {[%emt 0:00:04]} 6. Be3 {[%emt 0:00:09]} e5 {[%emt 0:00:07]} 7. Nb3 {[%emt 0:00:05]} Be6 {[%emt 0:00:04]} 8. h3 {[%emt 0:00:06]} Be7 {[%emt 0:00:54]} 9. f4 {[%emt 0:00:09]} exf4 {[%emt 0:01:54]} 10. Bxf4 {[%emt 0:00:09]} Nc6 {[%emt 0:00:04]} 11. Qe2 {[%emt 0:00:07]} Rc8 {[%emt 0:04:10]} 12. O-O-O {[%emt 0:00:50]} Bxb3 {[%emt 0:03:14]} 13. cxb3 {[%emt 0:06:40]} Qa5 {[%emt 0:04:55]} 14. Kb1 {[%emt 0:01:35]} O-O {[%emt 0:01:47]} 15. g4 {[%emt 0:05:21]} g6 {[%emt 0:10:09]} 16. h4 {[%emt 0:07:23]} Rfe8 {[%emt 0:01:25]} 17. g5 {[%emt 0:05:17]} Nh5 {[%emt 0:00:07]} 18. Bh2 {[%emt 0:00:19]} Bf8 {[%emt 0:01:38]} 19. a3 {[%emt 0:17:21]} Bg7 {[%emt 0:05:34]} 20. b4 {[%emt 0:02:31]} Qd8 {[%emt 0:00:14]} 21. Bh3 {[%emt 0:12:50]} Nd4 {[%emt 0:00:56]} 22. Qd3 {[%emt 0:03:42]} Rc6 {[%emt 0:00:43]} 23. Bg4 {[%emt 0:01:55]} Qe7 {[%emt 0:05:04]} 24. Rhe1 {[%emt 0:03:36]} f5 {[%emt 0:05:33]} 25. Bxh5 {[%emt 0:03:10]} gxh5 {[%emt 0:01:08]} 26. Nd5 {[%emt 0:00:17]} Qf7 {[%emt 0:02:23]} 27. Nf6+ {[%emt 0:00:06]} Bxf6 {[%emt 0:00:09]} 28. gxf6 {[%emt 0:00:04]} Nb5 {[%emt 0:00:17]} 29. Rg1+ {[%emt 0:10:25]} Kh8 {[%emt 0:02:42]} 30. Qd5 {[%emt 0:00:11]} Qxf6 {[%emt 0:00:34]} 31. e5 {[%emt 0:00:15]} Qxh4 {[%emt 0:09:11]} 32. Qf7 {[%emt 0:00:42]} 1-0

[Event "XI Paracin Festival 2018"]
[Site "Paracin"]
[Date "2018.07.07"]
[Round "2"]
[White "Arsovic, Zoran"]
[Black "Cvetkovic, Nemanja"]
[Result "0-1"]
[WhiteElo "2436"]
[BlackElo "2278"]
[Annotator "NA"]
[PlyCount "76"]
[EventDate "2018.07.06"]
[EventType "swiss"]
[EventCountry "SRB"]
[SourceTitle "playchess.com"]
[Source "ChessBase"]
[SourceQuality "1"]
[TimeControl "5400+30"]

1. d4 {[%emt 0:00:37]} Nf6 {[%emt 0:00:00]} 2. Nf3 {[%emt 0:00:09]} e6 {[%emt 0:00:00]} 3. e3 {[%emt 0:00:18]} d5 {[%emt 0:01:41]} 4. Bd3 {[%emt 0:00:28]} c5 {[%emt 0:04:01]} 5. b3 {[%emt 0:00:29]} Nc6 {[%emt 0:01:55]} 6. O-O {[%emt 0:01:39]} Bd6 {[%emt 0:04:25]} 7. Bb2 {[%emt 0:05:15]} Qc7 {[%emt 0:01:36]} ({Black should play} 7... cxd4 $11 8. exd4 Bd7) 8. c4 {[%emt 0:00:47] D05: Damenbauernspiele (Colle-Aufbau)} (8. dxc5 Bxc5 9. c4 dxc4 10. Bxc4 Be7 11. Nbd2 O-O 12. Rc1 a6 13. Qc2 Qb8 14. Ne4 e5 15. Nxf6+ Bxf6 {½-½ (69) Adhiban,B (2666)-Atabayev,M (2492) Doha 2016}) 8... dxc4 {[%emt 0:05:40]} 9. bxc4 {[%emt 0:03:37] LiveBook: 8 Games} O-O {[%emt 0:01:28]} 10. Nc3 {[%emt 0:00:56]} a6 {[%emt 0:02:57]} 11. Rc1 {[%emt 0:08:12]} Bd7 $146 {[%emt 0:06:36]} ({Vorgänger:} 11... cxd4 12. exd4 Bf4 13. Rb1 Rd8 14. Ne4 Nxe4 15. Bxe4 Rb8 {½-½ (15) Mosny,J (1923)-Gasa,P (1906) Slovakia 2013}) 12. d5 {[%emt 0:08:34]} exd5 {[%emt 0:13:01]} 13. Nxd5 {[%emt 0:04:18]} Nxd5 {[%emt 0:00:06]} 14. cxd5 {[%emt 0:00:08]} Ne7 {[%emt 0:00:15]} 15. e4 {[%emt 0:12:01]} f6 $11 {[%emt 0:09:47]} 16. Re1 {[%emt 0:02:35]} Bf4 {[%emt 0:21:31]} 17. Rc3 {[%emt 0:15:55]} Bg4 {[%emt 0:04:15]} 18. Kh1 {[%emt 0:14:35]} Ng6 {[%emt 0:02:27]} 19. Be2 {[%emt 0:01:33]} b5 {[%emt 0:02:34]} 20. Nd4 {[%emt 0:01:07]} Bd7 {[%emt 0:01:23]} 21. Bg4 {[%emt 0:00:38]} Bxg4 {[%emt 0:03:32]} 22. Qxg4 {[%emt 0:00:10]} Qa5 {[%emt 0:03:49]} 23. Nc6 {[%emt 0:04:16]} Qxa2 {[%emt 0:04:36]} 24. Qe2 {[%emt 0:00:20]} b4 {[%emt 0:00:47]} 25. Rxc5 {[%emt 0:00:23]} Be5 {[%emt 0:01:52]} 26. Bxe5 {[%emt 0:10:34]} Qxe2 {[%emt 0:00:01]} 27. Rxe2 {[%emt 0:00:03]} Nxe5 {[%emt 0:00:21]} 28. Ne7+ {[%emt 0:00:45]} Kf7 {[%emt 0:01:55]} 29. Rc7 {[%emt 0:00:47]} a5 {[%emt 0:00:26]} 30. Nf5+ {[%emt 0:00:48]} Kg8 {[%emt 0:00:09]} 31. Rxg7+ {[%emt 0:01:03]} Kh8 {[%emt 0:00:01]} 32. f4 {[%emt 0:01:43]} Nd3 {[%emt 0:01:47]} 33. Rc2 {[%emt 0:00:51]} Rfc8 {[%emt 0:00:37]} 34. Rc6 {[%emt 0:00:40]} b3 {[%emt 0:00:41]} 35. Rb7 Rcb8 {[%emt 0:00:43]} 36. Rcc7 {[%emt 0:01:10]} Rxb7 {[%emt 0:00:12]} 37. Rxb7 {[%emt 0:00:01]} b2 {[%emt 0:00:43]} 38. d6 {[%emt 0:00:56]} Nb4 {[%emt 0:00:05]} 0-1

[Event "XI Paracin Festival 2018"]
[Site "Paracin"]
[Date "2018.07.07"]
[Round "2"]
[White "Stankovic, Milos"]
[Black "Popovic, Milan S"]
[Result "1/2-1/2"]
[WhiteElo "2420"]
[BlackElo "2264"]
[Annotator "NA"]
[PlyCount "140"]
[EventDate "2018.07.06"]
[EventType "swiss"]
[EventCountry "SRB"]
[SourceTitle "playchess.com"]
[Source "ChessBase"]
[SourceQuality "1"]
[TimeControl "5400+30"]

1. e4 {[%emt 0:00:39]} c5 {[%emt 0:00:00]} 2. Nf3 {[%emt 0:00:34]} d6 {[%emt 0:00:00]} 3. d4 {[%emt 0:00:32]} cxd4 {[%emt 0:00:00]} 4. Qxd4 {[%emt 0:01:19]} Nf6 {[%emt 0:00:00]} 5. Nc3 {[%emt 0:08:22]} Nc6 {[%emt 0:00:00]} 6. Bb5 {[%emt 0:00:37]} Bd7 {[%emt 0:00:01]} 7. Bxc6 {[%emt 0:00:58]} Bxc6 {[%emt 0:00:20]} 8. Bg5 {[%emt 0:00:48]} e6 {[%emt 0:00:20]} 9. O-O-O {[%emt 0:01:34]} Be7 $1 {[%emt 0:00:12]} 10. Qd3 {[%emt 0:01:41]} Qa5 {[%emt 0:00:13]} 11. Bd2 {[%emt 0:08:57] LiveBook: 27 Games B53: Sizilianisch (Ungarische Variante)} (11. h4 h6 12. Bd2 Qa6 13. Nd4 Qxd3 14. cxd3 Ng4 15. Nxc6 bxc6 16. Rdf1 d5 17. Kc2 Bc5 18. Nd1 h5 19. Bc3 Nf6 20. f3 {1-0 (59) Hamdouchi,H (2580)-Navara,D (2727) Brest 2018}) 11... Qa6 {[%emt 0:01:55]} 12. Nd4 {[%emt 0:09:44]} Qxd3 {[%emt 0:09:01]} 13. cxd3 {[%emt 0:02:34]} Rc8 {[%emt 0:17:15]} 14. h3 $146 {[%emt 0:03:34]} ({Vorgänger:} 14. Kb1 d5 15. f3 O-O 16. e5 Nd7 17. f4 Nc5 18. Be3 f6 19. exf6 Bxf6 {0-1 (47) Kroeze,F (2396)-Burg,T (2490) Netherlands 2014}) 14... d5 {[%emt 0:26:09]} 15. e5 {[%emt 0:11:40]} Nd7 {[%emt 0:00:07]} 16. f4 {[%emt 0:00:44]} Bc5 {[%emt 0:09:32]} 17. Nb3 {[%emt 0:04:21]} f6 {[%emt 0:14:17]} 18. Nxc5 Nxc5 {[%emt 0:00:04]} 19. Be3 {[%emt 0:16:02]} Na4 {[%emt 0:00:49]} 20. Bd4 {[%emt 0:03:58]} Nxc3 {[%emt 0:00:54]} 21. bxc3 {[%emt 0:00:11]} Kf7 {[%emt 0:01:31]} 22. Rhf1 $11 {[%emt 0:02:55]} f5 {[%emt 0:02:55]} 23. g4 {[%emt 0:00:24]} g6 {[%emt 0:00:53]} 24. Rf2 {[%emt 0:00:42]} a6 {[%emt 0:03:35]} 25. Rg1 {[%emt 0:00:22]} Rhg8 {[%emt 0:03:40]} 26. Rfg2 {[%emt 0:01:47]} h6 {[%emt 0:01:41]} 27. Kd2 {[%emt 0:00:45]} Bb5 {[%emt 0:01:04]} 28. Ke3 {[%emt 0:01:02]} Ba4 {[%emt 0:00:34]} 29. h4 {[%emt 0:01:37]} h5 {[%emt 0:02:57]} 30. gxf5 {[%emt 0:04:22]} gxf5 {[%emt 0:00:06]} 31. Rg5 {[%emt 0:00:14]} Rxg5 {[%emt 0:01:13]} 32. fxg5 {[%emt 0:00:21]} Kg6 {[%emt 0:00:15]} 33. Rb1 {[%emt 0:00:27]} Bb5 {[%emt 0:00:54]} 34. a4 {[%emt 0:00:47]} Bc6 {[%emt 0:00:09]} 35. Rb6 {[%emt 0:00:30]} Rf8 {[%emt 0:01:32]} 36. Kf4 {[%emt 0:00:41]} Rf7 {[%emt 0:00:20]} 37. Bc5 {[%emt 0:01:04]} Rd7 {[%emt 0:00:11]} 38. a5 {[%emt 0:01:29]} Rf7 {[%emt 0:00:18]} 39. Bf2 {[%emt 0:00:56]} Rc7 {[%emt 0:00:22]} 40. Ke3 {[%emt 0:00:25]} Kf7 {[%emt 0:03:09]} 41. Bg3 {[%emt 0:00:14]} Rc8 {[%emt 0:00:38]} 42. Kd4 {[%emt 0:00:18]} Rc7 {[%emt 0:01:12]} 43. Bf4 {[%emt 0:00:15]} Rc8 {[%emt 0:00:25]} 44. Bd2 {[%emt 0:00:06]} Rc7 {[%emt 0:00:18]} 45. Bc1 {[%emt 0:03:55]} Rc8 {[%emt 0:00:19]} 46. Be3 {[%emt 0:00:55]} Rc7 {[%emt 0:00:09]} 47. Bd2 {[%emt 0:01:22]} Rc8 {[%emt 0:00:04]} 48. Kc5 {[%emt 0:00:40]} Rc7 {[%emt 0:00:26]} 49. g6+ {[%emt 0:01:43]} Kxg6 {[%emt 0:00:38]} 50. Kd6 {[%emt 0:00:01]} Rf7 {[%emt 0:00:56]} 51. Kxe6 {[%emt 0:00:06]} f4 {[%emt 0:01:03]} 52. Rb1 {[%emt 0:00:09]} Bd7+ {[%emt 0:00:35]} 53. Kxd5 {[%emt 0:00:15]} Kf5 {[%emt 0:00:38]} 54. d4 {[%emt 0:02:06]} Bc6+ {[%emt 0:00:36]} 55. Kc5 {[%emt 0:00:11]} Be4 {[%emt 0:00:29]} 56. Rg1 {[%emt 0:00:53]} Rc7+ {[%emt 0:00:23]} 57. Kd6 {[%emt 0:00:25]} Rc6+ {[%emt 0:00:05]} 58. Kd7 {[%emt 0:00:08]} Bd5 {[%emt 0:00:21]} 59. Rg5+ {[%emt 0:04:26]} Ke4 60. Rxh5 {[%emt 0:00:09]} f3 {[%emt 0:00:35]} 61. Be1 {[%emt 0:00:24]} Ke3 {[%emt 0:00:53]} 62. e6 {[%emt 0:00:49]} Bxe6+ {[%emt 0:00:25]} 63. Ke7 {[%emt 0:00:02]} Bg4 {[%emt 0:00:46]} 64. Re5+ {[%emt 0:00:08]} Kf4 {[%emt 0:00:27]} 65. h5 {[%emt 0:00:29]} Rc7+ {[%emt 0:00:24]} 66. Kf8 {[%emt 0:01:17]} Rc8+ {[%emt 0:00:07]} 67. Ke7 {[%emt 0:00:23]} Rc7+ {[%emt 0:00:03]} 68. Kf8 {[%emt 0:01:04]} Rc8+ {[%emt 0:00:04]} 69. Ke7 {[%emt 0:00:06]} Rc6 {Kd6 f2+ Kd5 Kf3} 70. Re4+ Kxe4 {Kxe4} 1/2-1/2